[Event "Titled Tuesday intern op 06th Feb Early"]
[Site "Chess.com INT"]
[Date "2024.02.06"]
[Round "2"]
[White "Tarnowska, Aleksandra"]
[Black "Amorim, Daniel Madson De Me"]
[Result "0-1"]
[WhiteElo "1793"]
[BlackElo "2143"]
[PlyCount "106"]
[EventDate "2024.02.06"]
[EventType "swiss (blitz)"]
[EventRounds "11"]
[EventCountry "USA"]
[SourceTitle "CB07_2024"]
[SourceDate "2024.02.14"]
[SourceVersion "1"]
[SourceVersionDate "2024.02.14"]
[SourceQuality "1"]

1. e4 e6 2. d4 d5 3. Nd2 c5 4. exd5 Qxd5 5. Ngf3 cxd4 6. Bc4 Qd7 7. 0-0 Nc6 8. Nb3 Nf6 9. Nbxd4 Nxd4 10. Qxd4 Qxd4 11. Nxd4 a6 12. Be2 e5 13. Nb3 Bd7 14. Bf3 e4 15. Re1 Bc6 16. Na5 Bb4 17. c3 Bxa5 18. Bg5 Bd8 19. Bxf6 Bxf6 20. Bxe4 Bxe4 21. Rxe4+ Kf8 22. Rae1 g6 23. f4 Kg7 24. g4 h6 25. Kg2 Rhd8 26. R1e2 Rd7 27. R4e3 Rad8 28. Kg3 Rd3 29. h4 Rxe3+ 30. Rxe3 Rd2 31. g5 hxg5 32. fxg5 Bd8 33. Re8 Bc7+ 34. Kg4 Rxb2 35. h5 gxh5+ 36. Kxh5 Ba5 37. Rc8 Rxa2 38. Rb8 Rb2 39. Re8 Bxc3 40. Re7 Rh2+ 41. Kg4 b5 42. Kf5 Rf2+ 43. Kg4 b4 44. g6 Rg2+ 45. Kh5 Rxg6 46. Rb7 Rg1 47. Rb6 Ra1 48. Rc6 a5 49. Rc4 a4 50. Rg4+ Kf8 51. Kh6 a3 52. Rh4 Rf1 53. Rh2 b3 0-1

[Event "Titled Tuesday intern op 04th May"]
[Site "Chess.com INT"]
[Date "2021.05.04"]
[Round "4"]
[White "Amorim, Daniel Madson De Me"]
[Black "Abrashkin, Boris Vladimirovich"]
[Result "0-1"]
[WhiteElo "2143"]
[BlackElo "2407"]
[PlyCount "78"]
[EventDate "2021.05.04"]
[EventType "swiss (blitz)"]
[EventRounds "11"]
[EventCountry "USA"]
[SourceTitle "CBM 202 Extra"]
[Source "ChessBase"]
[SourceDate "2021.07.31"]
[SourceVersion "1"]
[SourceVersionDate "2021.07.31"]
[SourceQuality "1"]

1. d4 d5 2. c4 e6 3. Nc3 c6 4. cxd5 exd5 5. Nf3 Nf6 6. Bg5 h6 7. Bh4 Bf5 8. e3 Be7 9. Bd3 Bxd3 10. Qxd3 0-0 11. 0-0 Nbd7 12. Bg3 Re8 13. Rab1 a5 14. a3 b5 15. Ne5 Nxe5 16. Bxe5 a4 17. Na2 Nd7 18. Nb4 Bxb4 19. axb4 Nxe5 20. dxe5 Rxe5 21. Rfc1 Re6 22. Rc5 Qd7 23. Rbc1 Ra6 24. h3 Re4 25. Qd2 Qe6 26. g3 Rc4 27. R1xc4 bxc4 28. Ra5 Rxa5 29. bxa5 c5 30. Qc2 Qc6 31. Qf5 Qb7 32. Qe5 g6 33. Qe8+ Kg7 34. Qxa4 Qa6 35. Qa3 d4 36. Qxc5 d3 37. b4 Qf6 38. Qxc4 Qa1+ 39. Kg2 d2 0-1

[Event "Titled Tuesday intern op 04th May"]
[Site "Chess.com INT"]
[Date "2021.05.04"]
[Round "3"]
[White "Amorim, Daniel Madson De Me"]
[Black "Kubicka, Anna"]
[Result "0-1"]
[WhiteElo "2143"]
[BlackElo "2235"]
[PlyCount "40"]
[EventDate "2021.05.04"]
[EventType "swiss (blitz)"]
[EventRounds "11"]
[EventCountry "USA"]
[SourceTitle "CBM 202 Extra"]
[Source "ChessBase"]
[SourceDate "2021.07.31"]
[SourceVersion "1"]
[SourceVersionDate "2021.07.31"]
[SourceQuality "1"]

1. d4 Nf6 2. c4 g6 3. Nc3 Bg7 4. e4 0-0 5. Nf3 d6 6. h3 e5 7. d5 a5 8. g4 Na6 9. Be3 Nc5 10. Nd2 c6 11. Be2 cxd5 12. cxd5 b6 13. g5 Ne8 14. h4 Ba6 15. Bxa6 Rxa6 16. Qe2 Ra7 17. Nb5 Rd7 18. f3 Nc7 19. Nxc7 Rxc7 20. Rc1 Nd3+ 0-1

[Event "Titled Tuesday intern op 04th May"]
[Site "Chess.com INT"]
[Date "2021.05.04"]
[Round "2"]
[White "Bellahcene, Bilel"]
[Black "Amorim, Daniel Madson De Me"]
[Result "1-0"]
[WhiteElo "2508"]
[BlackElo "2143"]
[PlyCount "101"]
[EventDate "2021.05.04"]
[EventType "swiss (blitz)"]
[EventRounds "11"]
[EventCountry "USA"]
[SourceTitle "CBM 202 Extra"]
[Source "ChessBase"]
[SourceDate "2021.07.31"]
[SourceVersion "1"]
[SourceVersionDate "2021.07.31"]
[SourceQuality "1"]

1. e4 e6 2. d4 d5 3. exd5 exd5 4. Nf3 Nf6 5. Bd3 Bd6 6. Qe2+ Qe7 7. Qxe7+ Kxe7 8. 0-0 c6 9. Re1+ Be6 10. c4 dxc4 11. Bxc4 Re8 12. Ng5 Kd7 13. Nxe6 fxe6 14. Nc3 e5 15. d5 cxd5 16. Nxd5 Nxd5 17. Bxd5 Nc6 18. Rd1 Rad8 19. Be3 Kc7 20. Rac1 a6 21. Be4 g6 22. Rd2 Bb4 23. Rdc2 Rd6 24. a3 Ba5 25. Bc5 Rde6 26. Bd5 Rf6 27. b4 Bb6 28. a4 Bxc5 29. Rxc5 Kb6 30. a5+ Kc7 31. b5 axb5 32. Rxb5 Rd6 33. Rcb1 Rb8 34. Bxc6 Rxc6 35. Rxe5 Rd6 36. Re7+ Rd7 37. Re5 Ra8 38. h4 Ra6 39. g3 Kd6 40. Reb5 Ra7 41. Kg2 Kc7 42. h5 Rd6 43. h6 Rda6 44. Re1 Kd7 45. Rbe5 Rxa5 46. Re7+ Kd6 47. Rxh7 b5 48. Rh8 Ra8 49. Ree8 Rxe8 50. Rxe8 b4 51. h7 1-0

[Event "Titled Tuesday intern op 06th Apr"]
[Site "Chess.com INT"]
[Date "2021.04.06"]
[Round "6"]
[White "Amorim, Daniel Madson De Me"]
[Black "Pantzar, Milton"]
[Result "0-1"]
[WhiteElo "2143"]
[BlackElo "2421"]
[PlyCount "36"]
[EventDate "2021.04.06"]
[EventType "swiss (blitz)"]
[EventRounds "11"]
[EventCountry "USA"]
[SourceTitle "CBM 201 Extra"]
[Source "ChessBase"]
[SourceDate "2021.05.31"]
[SourceVersion "1"]
[SourceVersionDate "2021.05.31"]
[SourceQuality "1"]

1. d4 Nf6 2. c4 e6 3. Nc3 Bb4 4. a3 Bxc3+ 5. bxc3 c5 6. e3 d6 7. Bd3 e5 8. Ne2 0-0 9. 0-0 Nc6 10. f4 exd4 11. cxd4 cxd4 12. Nxd4 Re8 13. Qc2 Qb6 14. Rb1 Nxd4 15. Rxb6 Nxc2 16. Rxd6 Nxe3 17. Rxf6 gxf6 18. Re1 Bf5 0-1

[Event "Titled Tuesday intern op 09th Mar"]
[Site "Chess.com INT"]
[Date "2021.03.09"]
[Round "1"]
[White "Gunina, Valentina"]
[Black "Amorim, Daniel Madson De Me"]
[Result "1-0"]
[WhiteElo "2427"]
[BlackElo "2143"]
[PlyCount "116"]
[EventDate "2021.03.09"]
[EventType "swiss (blitz)"]
[EventRounds "11"]
[EventCountry "USA"]
[SourceTitle "CBM 201 Extra"]
[Source "ChessBase"]
[SourceDate "2021.05.31"]
[SourceVersion "1"]
[SourceVersionDate "2021.05.31"]
[SourceQuality "1"]

1. d4 Nf6 2. c4 e6 3. Nf3 b6 4. Bf4 Bb7 5. e3 Bd6 6. Bxd6 cxd6 7. Bd3 d5 8. cxd5 Bxd5 9. Nc3 Bb7 10. 0-0 d5 11. Rc1 a6 12. Ne5 Nbd7 13. f4 0-0 14. Qf3 Rc8 15. Qh3 Ne4 16. Bxe4 dxe4 17. Rcd1 Qe7 18. Nxd7 Qxd7 19. d5 f5 20. dxe6 Qxe6 21. Rd4 Rc4 22. Rfd1 Rxd4 23. Rxd4 Rc8 24. Qh4 h6 25. Rd8+ Kh7 26. Rxc8 Bxc8 27. Qd8 Bd7 28. h3 Bb5 29. a4 Bd3 30. Qd5 Qg6 31. Kf2 h5 32. Qd8 Bc2 33. a5 bxa5 34. Qxa5 h4 35. Kg1 Bd3 36. Qe5 Qf7 37. Nd5 Bc4 38. Ne7 Be6 39. Nc6 Qd7 40. Nd4 Bf7 41. Qxf5+ Qxf5 42. Nxf5 g5 43. fxg5 Kg6 44. Nxh4+ Kxg5 45. g3 Be6 46. Kh2 Bg8 47. Ng2 Be6 48. Nf4 Bf7 49. Kg2 Kf5 50. Kf2 Ke5 51. g4 Kf6 52. Kg3 Kg5 53. h4+ Kf6 54. h5 Kg5 55. Nh3+ Kf6 56. Kf4 Be6 57. Nf2 Bd5 58. Nxe4+ Bxe4 1-0

[Event "Titled Tuesday intern op 23rd Feb"]
[Site "Chess.com INT"]
[Date "2021.02.23"]
[Round "6"]
[White "Amorim, Daniel Madson De Me"]
[Black "Ashiev, Eduard"]
[Result "0-1"]
[WhiteElo "2143"]
[BlackElo "2202"]
[PlyCount "142"]
[EventDate "2021.02.23"]
[EventType "swiss (blitz)"]
[EventRounds "11"]
[EventCountry "USA"]
[SourceTitle "CBM 200 Extra"]
[Source "ChessBase"]
[SourceDate "2021.03.31"]
[SourceVersion "1"]
[SourceVersionDate "2021.03.31"]
[SourceQuality "1"]

1. d4 d6 2. c4 e5 3. dxe5 dxe5 4. Qxd8+ Kxd8 5. g3 c6 6. Bh3 Nd7 7. Nf3 f6 8. 0-0 Kc7 9. b3 a5 10. Ba3 Bxa3 11. Nxa3 Nc5 12. Bxc8 Rxc8 13. Rad1 Ne7 14. Rd2 Rhd8 15. Rfd1 Rxd2 16. Rxd2 Rd8 17. Kf1 Rxd2 18. Nxd2 Nf5 19. Nc2 Kb6 20. e3 Nd6 21. Ke2 Na6 22. Kd3 Kc5 23. Kc3 b5 24. cxb5 cxb5 25. a3 b4+ 26. axb4+ axb4+ 27. Kd3 Kb5 28. f4 Nc5+ 29. Ke2 Nde4 30. Nxe4 Nxe4 31. fxe5 fxe5 32. Kf3 Nd2+ 33. Kg4 Nxb3 34. Kf5 Nd2 35. Nxb4 Kxb4 36. Kxe5 Nf3+ 37. Ke6 Kc5 38. Kf7 g5 39. Kg7 g4 40. Kf6 Nxh2 41. e4 Kd6 42. e5+ Kc7 43. e6 Nf3 44. e7 Kd7 45. Kf7 Ne5+ 46. Kf8 Ng6+ 47. Kg7 Nxe7 48. Kf6 Ke8 49. Kg5 Kf7 50. Kxg4 Kg6 51. Kh4 Nf5+ 52. Kg4 Nd4 53. Kf4 Ne6+ 54. Kg4 Ng7 55. Kh4 Ne6 56. Kg4 h6 57. Kh4 Nd8 58. Kg4 Nf7 59. Kh4 Nd6 60. Kg4 Nc4 61. Kh4 Ne3 62. Kh3 Kg5 63. Kh2 Kg4 64. Kg1 Kxg3 65. Kh1 h5 66. Kg1 h4 67. Kh1 Ng4 68. Kg1 h3 69. Kh1 Nf2+ 70. Kg1 h2+ 71. Kf1 h1Q+ 0-1

[Event "Titled Tuesday intern op 23rd Feb"]
[Site "Chess.com INT"]
[Date "2021.02.23"]
[Round "5"]
[White "Roebers, Jan"]
[Black "Amorim, Daniel Madson De Me"]
[Result "0-1"]
[WhiteElo "2170"]
[BlackElo "2143"]
[PlyCount "106"]
[EventDate "2021.02.23"]
[EventType "swiss (blitz)"]
[EventRounds "11"]
[EventCountry "USA"]
[SourceTitle "CBM 200 Extra"]
[Source "ChessBase"]
[SourceDate "2021.03.31"]
[SourceVersion "1"]
[SourceVersionDate "2021.03.31"]
[SourceQuality "1"]

1. e4 e6 2. d4 d5 3. Nc3 Nf6 4. e5 Nfd7 5. Nf3 c5 6. h4 Nc6 7. h5 h6 8. Bf4 Qb6 9. Qd2 Nxd4 10. Nxd4 cxd4 11. Ne2 Qxb2 12. Rd1 Bb4 13. c3 dxc3 14. Qxb2 cxb2+ 15. Bd2 Bxd2+ 16. Kxd2 Nxe5 17. Rb1 Nc4+ 18. Kc3 Bd7 19. Nd4 Rc8 20. Bxc4 Rxc4+ 21. Kd3 Rb4 22. a3 Rb6 23. Rhe1 0-0 24. Re2 Bb5+ 25. Nxb5 Rxb5 26. Rexb2 Rxb2 27. Rxb2 b6 28. Kd4 Rc8 29. Ke5 Rc4 30. f3 Rc6 31. a4 Kf8 32. a5 Ke7 33. axb6 axb6 34. Ra2 f6+ 35. Kf4 Kd6 36. Ra7 Rc7 37. Ra8 Rb7 38. Rd8+ Kc5 39. Re8 e5+ 40. Kf5 b5 41. Kg6 b4 42. Rg8 b3 43. Rxg7 Rxg7+ 44. Kxg7 b2 45. Kxh6 b1Q 46. Kg7 Qf5 47. h6 Qg5+ 48. Kh7 Qxg2 49. Kh8 Qxf3 50. h7 Qh5 51. Kg7 d4 52. h8Q Qxh8+ 53. Kxh8 d3 0-1

[Event "Titled Tuesday intern op 29th Dec"]
[Site "Chess.com INT"]
[Date "2020.12.29"]
[Round "3"]
[White "Amorim, Daniel Madson De Me"]
[Black "Derraugh, Geordie"]
[Result "0-1"]
[WhiteElo "2143"]
[BlackElo "2169"]
[PlyCount "112"]
[EventDate "2020.12.29"]
[EventType "swiss (blitz)"]
[EventRounds "11"]
[EventCountry "USA"]
[SourceTitle "CBM 200 Extra"]
[Source "ChessBase"]
[SourceDate "2021.03.31"]
[SourceVersion "1"]
[SourceVersionDate "2021.03.31"]
[SourceQuality "1"]

1. d4 Nf6 2. c4 e6 3. Nc3 Bb4 4. Qc2 c5 5. a3 Bxc3+ 6. Qxc3 cxd4 7. Qxd4 Nc6 8. Qc3 0-0 9. Nf3 d5 10. e3 Ne4 11. Qc2 Qf6 12. Bd3 Ng5 13. Nxg5 Qxg5 14. 0-0 Qh5 15. b4 dxc4 16. Bxc4 e5 17. Bb2 Bf5 18. Bd3 Bxd3 19. Qxd3 Rad8 20. Qe4 Rd6 21. b5 Rh6 22. h3 Nd8 23. Qxe5 Qg6 24. Qg3 Qxg3 25. fxg3 Re6 26. Bd4 b6 27. Rac1 Re7 28. Rc4 Ne6 29. Rfc1 f5 30. Be5 Rfe8 31. Rc8 Nc5 32. Bd6 Rxe3 33. Rxe8+ Rxe8 34. Bxc5 bxc5 35. Rxc5 Re3 36. a4 Rxg3 37. Rc8+ Kf7 38. Rc7+ Kf6 39. Rxa7 Rb3 40. Ra6+ Kg5 41. b6 Kf4 42. Kh2 g5 43. a5 g4 44. hxg4 fxg4 45. Ra7 Rb1 46. Rf7+ Kg5 47. Rg7+ Kf4 48. b7 h5 49. Rf7+ Kg5 50. Kg3 Rb2 51. a6 h4+ 52. Kh2 h3 53. a7 Rxg2+ 54. Kh1 Ra2 55. a8Q Rb2 56. b8Q Rb1+ 0-1

[Event "Titled Tuesday intern op 29th Dec"]
[Site "Chess.com INT"]
[Date "2020.12.29"]
[Round "4"]
[White "Amorim, Daniel Madson De Me"]
[Black "Ustinov, Alexey"]
[Result "1-0"]
[WhiteElo "2143"]
[BlackElo "2286"]
[PlyCount "117"]
[EventDate "2020.12.29"]
[EventType "swiss (blitz)"]
[EventRounds "11"]
[EventCountry "USA"]
[SourceTitle "CBM 200 Extra"]
[Source "ChessBase"]
[SourceDate "2021.03.31"]
[SourceVersion "1"]
[SourceVersionDate "2021.03.31"]
[SourceQuality "1"]

1. d4 g6 2. c4 Bg7 3. Nc3 c5 4. d5 Bxc3+ 5. bxc3 f5 6. Nf3 Nf6 7. Nd2 d6 8. Qc2 Qa5 9. e3 Nbd7 10. Bd3 Nb6 11. Bb2 Bd7 12. 0-0 0-0-0 13. e4 fxe4 14. Nxe4 Nxe4 15. Bxe4 Nxc4 16. Qe2 Nxb2 17. Qxb2 Bf5 18. Bxf5+ gxf5 19. Rfe1 Rd7 20. Re3 Rf8 21. Rae1 Rf7 22. c4 Qd8 23. Ra3 a6 24. Rb3 Qe8 25. Rb1 e5 26. dxe6 Qxe6 27. Re3 Qf6 28. Qb6 Qd8 29. Qa7 Qc7 30. Rbe1 Rd8 31. g3 Qb8 32. Qb6 Qc7 33. Qa7 f4 34. Re8 Rxe8 35. Rxe8+ Kd7 36. Rb8 Kc6 37. Qa8 f3 38. Rc8 Re7 39. Rxc7+ Kxc7 40. Kf1 Re2 41. Qf8 Rxa2 42. Qf7+ Kb6 43. Qxf3 a5 44. Qd5 Kc7 45. Qf7+ Kc6 46. Qf3+ Kc7 47. Qb3 Ra1+ 48. Kg2 a4 49. Qb2 Rd1 50. Qb5 Ra1 51. Qb2 Rd1 52. Qa2 b5 53. cxb5 Rd4 54. b6+ Kxb6 55. f4 c4 56. f5 c3 57. Kf3 Rd5 58. Qxd5 c2 59. Qc4 1-0

[Event "Titled Tuesday intern op 29th Dec"]
[Site "Chess.com INT"]
[Date "2020.12.29"]
[Round "8"]
[White "Shtyka, Sergey"]
[Black "Amorim, Daniel Madson De Me"]
[Result "1/2-1/2"]
[WhiteElo "2175"]
[BlackElo "2143"]
[PlyCount "117"]
[EventDate "2020.12.29"]
[EventType "swiss (blitz)"]
[EventRounds "11"]
[EventCountry "USA"]
[SourceTitle "CBM 200 Extra"]
[Source "ChessBase"]
[SourceDate "2021.03.31"]
[SourceVersion "1"]
[SourceVersionDate "2021.03.31"]
[SourceQuality "1"]

1. e4 e6 2. Nf3 d5 3. e5 c5 4. b4 d4 5. bxc5 Bxc5 6. Bd3 Nc6 7. 0-0 b6 8. Ba3 Qe7 9. Bxc5 Qxc5 10. Qe2 Nge7 11. c3 Bb7 12. a4 g6 13. Na3 0-0 14. Nb5 dxc3 15. Nxc3 Nd5 16. Ne4 Nf4 17. Nxc5 Nxe2+ 18. Bxe2 bxc5 19. Rfc1 Nd4 20. Nxd4 cxd4 21. Rab1 Rab8 22. Rb4 Bd5 23. Rxd4 Rb2 24. f4 Rfb8 25. Kf2 Ra2 26. Bf3 Bxf3 27. Kxf3 Rbb2 28. Ke3 Ra3+ 29. Ke2 Rba2 30. Rcc4 Kg7 31. g4 h6 32. h4 Rh3 33. f5 gxf5 34. gxf5 exf5 35. Rc7 Kg6 36. Rxa7 Rh2+ 37. Ke3 Rh3+ 38. Ke2 Rh2+ 39. Ke3 Rh3+ 40. Kf2 Rh2+ 41. Kg3 Rhxd2 42. Ra6+ Kg7 43. Rxd2 Rxd2 44. Kf4 Rf2+ 45. Ke3 Rh2 46. Rf6 Rxh4 47. Rxf5 Rxa4 48. Rf1 Kg6 49. Rf6+ Kg7 50. Rc6 Kh7 51. e6 fxe6 52. Rxe6 Kg7 53. Kf3 Kh7 54. Rb6 Kg7 55. Kg3 Kh7 56. Kh3 Kg7 57. Kg3 Kh7 58. Kh3 Kg7 59. Kg3 1/2-1/2

[Event "Titled Tuesday intern op 22nd Dec"]
[Site "Chess.com INT"]
[Date "2020.12.22"]
[Round "1"]
[White "Amorim, Daniel Madson De Me"]
[Black "Griffith, Kyron"]
[Result "1-0"]
[WhiteElo "2143"]
[BlackElo "2346"]
[PlyCount "111"]
[EventDate "2020.12.22"]
[EventType "swiss (blitz)"]
[EventRounds "11"]
[EventCountry "USA"]
[SourceTitle "CBM 199 Extra"]
[Source "ChessBase"]
[SourceDate "2021.01.31"]
[SourceVersion "1"]
[SourceVersionDate "2021.01.31"]
[SourceQuality "1"]

1. d4 Nf6 2. c4 g6 3. Nc3 Bg7 4. e4 d6 5. Nf3 0-0 6. h3 Na6 7. Be3 e5 8. d5 Nc5 9. Nd2 a5 10. g4 c6 11. Be2 Bd7 12. g5 Ne8 13. h4 Rc8 14. Nb3 cxd5 15. cxd5 b6 16. Nxc5 bxc5 17. Bb5 Rb8 18. a4 Nc7 19. Bxd7 Qxd7 20. Qc2 Rb4 21. f3 Rfb8 22. Ra2 f5 23. Rh2 fxe4 24. fxe4 Qg4 25. Qe2 Qxe2+ 26. Rxe2 Bf8 27. Kd1 Be7 28. Kc2 Rf8 29. Rf2 Rxf2+ 30. Bxf2 h6 31. Be3 hxg5 32. hxg5 Ne8 33. Ra1 Ng7 34. Rf1 Nh5 35. Rf3 Kg7 36. b3 Rb8 37. Nb5 Rc8 38. Kd3 Nf4+ 39. Bxf4 exf4 40. Rxf4 Bxg5 41. Rg4 Be7 42. Na3 Rd8 43. Nc4 Bf6 44. Nxa5 Bd4 45. Nc6 Rh8 46. Nxd4 Rh3+ 47. Kc4 cxd4 48. b4 d3 49. Rg2 Kf6 50. b5 Ke5 51. b6 Kxe4 52. b7 Rh8 53. a5 Ke3 54. a6 d2 55. Rxd2 Kxd2 56. a7 1-0

[Event "Titled Tuesday intern op 17th Nov"]
[Site "Chess.com INT"]
[Date "2020.11.17"]
[Round "1"]
[White "Amorim, Daniel Madson De Me"]
[Black "Havlik, Jan"]
[Result "0-1"]
[WhiteElo "2143"]
[BlackElo "2393"]
[PlyCount "134"]
[EventDate "2020.11.17"]
[EventType "swiss (blitz)"]
[EventRounds "11"]
[EventCountry "USA"]
[SourceTitle "CBM 199 Extra"]
[Source "ChessBase"]
[SourceDate "2021.01.31"]
[SourceVersion "1"]
[SourceVersionDate "2021.01.31"]
[SourceQuality "1"]

1. d4 Nf6 2. c4 g6 3. Nc3 Bg7 4. e4 0-0 5. Nf3 d6 6. h3 e5 7. d5 c6 8. Be3 cxd5 9. cxd5 Na6 10. Be2 Nc5 11. Nd2 a5 12. g4 b6 13. g5 Nfd7 14. h4 Ba6 15. Bxa6 Rxa6 16. Qe2 f5 17. h5 fxe4 18. Ndxe4 Nxe4 19. Nxe4 Ra8 20. Nxd6 Nc5 21. Bxc5 bxc5 22. h6 Qxd6 23. hxg7 Kxg7 24. 0-0-0 Rf4 25. Qe3 h5 26. gxh6+ Kh7 27. Rhe1 Rf5 28. Qe4 Rb8 29. a3 Rxf2 30. Qxe5 Qxe5 31. Rxe5 Rbxb2 32. Rde1 Kxh6 33. d6 Rfc2+ 34. Kd1 Rd2+ 35. Kc1 Rbc2+ 36. Kb1 Rc3 37. Re6 Rg3 38. R6e5 Rxd6 39. Rxc5 Rxa3 40. Kb2 Rg3 41. Ree5 Rd2+ 42. Kc1 Ra2 43. Kb1 Rf2 44. Rc1 a4 45. Ra5 a3 46. Rh1+ Kg7 47. Re1 g5 48. Ra6 Rf6 49. Ra7+ Kg6 50. Ka2 Rf2+ 51. Ka1 Kh5 52. Ra4 Rf4 53. Ra5 Kg4 54. Re2 Kh3 55. Ka2 Rfg4 56. Rxa3 Rxa3+ 57. Kxa3 Rg2 58. Re5 g4 59. Kb4 Rc2 60. Rh5+ Kg2 61. Kb3 Rc7 62. Rg5 g3 63. Rg6 Kf2 64. Rf6+ Kg1 65. Rg6 g2 66. Rg8 Rf7 67. Kc2 Kf2 0-1

[Event "Titled Tuesday intern op 17th Nov"]
[Site "Chess.com INT"]
[Date "2020.11.17"]
[Round "3"]
[White "Yang, Kaiqi"]
[Black "Amorim, Daniel Madson De Me"]
[Result "1-0"]
[WhiteElo "2481"]
[BlackElo "2143"]
[PlyCount "63"]
[EventDate "2020.11.17"]
[EventType "swiss (blitz)"]
[EventRounds "11"]
[EventCountry "USA"]
[SourceTitle "CBM 199 Extra"]
[Source "ChessBase"]
[SourceDate "2021.01.31"]
[SourceVersion "1"]
[SourceVersionDate "2021.01.31"]
[SourceQuality "1"]

1. d4 Nf6 2. Nf3 d5 3. e3 e6 4. Bd3 Bd6 5. b3 Ne4 6. Bb2 f5 7. c4 c6 8. 0-0 0-0 9. Nbd2 Bd7 10. Ne5 Be8 11. f3 Nxd2 12. Qxd2 Nd7 13. Rad1 Qf6 14. f4 Qh6 15. Rf3 Nxe5 16. dxe5 Bc5 17. cxd5 cxd5 18. Rc1 Bb6 19. a4 Bd7 20. a5 Bd8 21. Bd4 b6 22. b4 Qh4 23. Ba6 Qe7 24. Bb7 Rb8 25. a6 Bb5 26. Rf2 Rf7 27. Qb2 Qf8 28. Rfc2 Be7 29. Rc8 Rxc8 30. Rxc8 Bd8 31. Bxb6 axb6 32. a7 1-0

[Event "Titled Tuesday intern op 10th Nov"]
[Site "Chess.com INT"]
[Date "2020.11.10"]
[Round "4"]
[White "Amorim, Daniel Madson De Me"]
[Black "Blomqvist, Erik"]
[Result "1-0"]
[WhiteElo "2143"]
[BlackElo "2535"]
[PlyCount "73"]
[EventDate "2020.11.10"]
[EventType "swiss (blitz)"]
[EventRounds "11"]
[EventCountry "USA"]
[SourceTitle "CBM 199 Extra"]
[Source "ChessBase"]
[SourceDate "2021.01.31"]
[SourceVersion "1"]
[SourceVersionDate "2021.01.31"]
[SourceQuality "1"]

1. d4 Nf6 2. c4 e6 3. Nc3 Bb4 4. Qc2 d6 5. a3 Bxc3+ 6. Qxc3 Nbd7 7. Nf3 b6 8. g3 Bb7 9. Bg2 0-0 10. 0-0 Qe7 11. b3 e5 12. dxe5 dxe5 13. Bb2 Rfe8 14. Rad1 h6 15. Nh4 Bxg2 16. Kxg2 Nc5 17. f3 Rad8 18. Nf5 Qe6 19. e4 Kh7 20. Ne3 c6 21. Qc2 Kg8 22. Nf5 Kh7 23. Rf2 Rxd1 24. Qxd1 g6 25. Ne3 Re7 26. Rd2 Rd7 27. Rxd7 Nfxd7 28. b4 Nb7 29. Qd2 Nd6 30. Ng4 g5 31. c5 Nc4 32. Qc3 Nxb2 33. Qxb2 bxc5 34. bxc5 Nxc5 35. Qxe5 h5 36. Qxe6 fxe6 37. Ne5 1-0

[Event "Titled Tuesday intern op 10th Nov"]
[Site "Chess.com INT"]
[Date "2020.11.10"]
[Round "3"]
[White "Amorim, Daniel Madson De Me"]
[Black "Cella, Glaucio Dalla Cortt"]
[Result "1-0"]
[WhiteElo "2143"]
[BlackElo "1961"]
[PlyCount "47"]
[EventDate "2020.11.10"]
[EventType "swiss (blitz)"]
[EventRounds "11"]
[EventCountry "USA"]
[SourceTitle "CBM 199 Extra"]
[Source "ChessBase"]
[SourceDate "2021.01.31"]
[SourceVersion "1"]
[SourceVersionDate "2021.01.31"]
[SourceQuality "1"]

1. d4 Nf6 2. c4 e6 3. Nc3 c6 4. e4 d5 5. e5 Nfd7 6. f4 a6 7. c5 b6 8. cxb6 Qxb6 9. Nf3 c5 10. Na4 Qa7 11. Be3 c4 12. Be2 Bb4+ 13. Bd2 Nc6 14. 0-0 Nxd4 15. Kh1 Bxd2 16. Qxd2 Nxe2 17. Qxe2 0-0 18. f5 Nc5 19. f6 gxf6 20. exf6 Ne4 21. Ne5 Kh8 22. Nb6 Qb8 23. Qg4 Ng5 24. Qxg5 1-0

[Event "Titled Tuesday intern op 03rd Nov"]
[Site "Chess.com INT"]
[Date "2020.11.03"]
[Round "6"]
[White "Amorim, Daniel Madson De Me"]
[Black "Manukian, Artak"]
[Result "1/2-1/2"]
[WhiteElo "2143"]
[BlackElo "2196"]
[PlyCount "138"]
[EventDate "2020.11.03"]
[EventType "swiss (blitz)"]
[EventRounds "11"]
[EventCountry "USA"]
[SourceTitle "CBM 199 Extra"]
[Source "ChessBase"]
[SourceDate "2021.01.31"]
[SourceVersion "1"]
[SourceVersionDate "2021.01.31"]
[SourceQuality "1"]

1. d4 Nf6 2. c4 d6 3. Nc3 g6 4. e4 Bg7 5. Nf3 0-0 6. h3 e5 7. d5 c5 8. g4 Na6 9. Be2 Nc7 10. Be3 a6 11. Nd2 Rb8 12. a4 Bd7 13. Qb3 Nfe8 14. f3 b5 15. axb5 axb5 16. Nxb5 Nxb5 17. cxb5 Bxb5 18. Bxb5 Nc7 19. Qd3 Nxb5 20. 0-0 Nd4 21. Ra2 Qh4 22. Kg2 Rb4 23. Rf2 Rfb8 24. Nf1 Bh6 25. Bxh6 Qxh6 26. Ng3 Qc1 27. Ne2 Qe1 28. Nxd4 Rxd4 29. Qe2 Qb1 30. Ra6 Rd1 31. f4 Rg1+ 32. Kf3 Rh1 33. fxe5 Rxh3+ 34. Kf4 dxe5+ 35. Kxe5 Re8+ 36. Kd6 Rxe4 37. Qf1 Qxf1 38. Rxf1 Rd3 39. Kxc5 Re5 40. Rd6 h5 41. gxh5 gxh5 42. Rg1+ Kf8 43. b4 h4 44. b5 h3 45. b6 h2 46. Rh1 Re2 47. Rh6 Rc3+ 48. Kd6 Rb3 49. R1xh2 Rxb6+ 50. Kc5 Rxh6 51. Rxh6 Ke7 52. Ra6 Rc2+ 53. Kd4 Rd2+ 54. Ke5 Re2+ 55. Kd4 Rd2+ 56. Ke4 Re2+ 57. Kd3 Re1 58. Kd4 Rd1+ 59. Kc5 Rc1+ 60. Kd4 Rd1+ 61. Ke5 Re1+ 62. Kf5 Rd1 63. Ra7+ Kd6 64. Ke4 Re1+ 65. Kf5 Rd1 66. Rxf7 Rxd5+ 67. Kf4 Re5 68. Rf6+ Re6 69. Rxe6+ Kxe6 1/2-1/2

[Event "Titled Tuesday intern op 03rd Nov"]
[Site "Chess.com INT"]
[Date "2020.11.03"]
[Round "1"]
[White "Bodnaruk, Anastasia"]
[Black "Amorim, Daniel Madson De Me"]
[Result "0-1"]
[WhiteElo "2428"]
[BlackElo "2143"]
[PlyCount "62"]
[EventDate "2020.11.03"]
[EventType "swiss (blitz)"]
[EventRounds "11"]
[EventCountry "USA"]
[SourceTitle "CBM 199 Extra"]
[Source "ChessBase"]
[SourceDate "2021.01.31"]
[SourceVersion "1"]
[SourceVersionDate "2021.01.31"]
[SourceQuality "1"]

1. e4 e6 2. d4 d5 3. e5 c5 4. c3 Qb6 5. Nf3 Bd7 6. Be2 Bb5 7. 0-0 Bxe2 8. Qxe2 cxd4 9. cxd4 Ne7 10. Rd1 Nd7 11. Nc3 Nc6 12. b3 Rc8 13. Bb2 Be7 14. Nb5 a6 15. Nd6+ Bxd6 16. exd6 0-0 17. Ne5 Rfd8 18. Rac1 Nf6 19. Nxc6 Rxc6 20. Rxc6 Qxc6 21. Ba3 Ne4 22. Rc1 Qb6 23. Rc7 Nxd6 24. Bxd6 Rxd6 25. Rc8+ Rd8 26. Qc2 g6 27. Rc5 Rd6 28. a3 Rc6 29. b4 a5 30. bxa5 Rxc5 31. Qxc5 Qb1+ 0-1